Opere del signor abate Pietro Metastasio (Record no. 159547)
[ view plain ]
| 000 -LEADER | |
|---|---|
| campo de control de longitud fija | 00707nam a22001935i 4500 |
| 001 - NÚMERO DE CONTROL | |
| campo de control | 159547 |
| 003 - IDENTIFICADOR DE NÚMERO DE CONTROL | |
| campo de control | ES-MaACL |
| 005 - FECHA Y HORA DE LA ÚLTIMA TRANSACCIÓN | |
| campo de control | 20250513063025.0 |
| 008 - DATOS DE LONGITUD FIJA--INFORMACIÓN GENERAL | |
| campo de control de longitud fija | 010314s1783 fr |||| | ita d |
| 040 ## - FUENTE DE CATALOGACIÓN | |
| Centro catalogador/agencia de origen | AN |
| Lengua de catalogación | spa |
| Centro/agencia transcriptor | AN |
| 100 1# - ENTRADA PRINCIPAL--NOMBRE DE PERSONA | |
| Nombre de persona | Metastasio, Pietro, |
| Fechas asociadas al nombre | 1698-1782 |
| 9 (RLIN) | 80719 |
| 245 10 - MENCIÓN DEL TÍTULO | |
| Título | Opere del signor abate Pietro Metastasio |
| Resto del título | : con dissertazioni, e osservazioni. |
| Número de parte o sección de la obra | tomo decimoquarto. |
| 260 ## - PUBLICACIÓN, DISTRIBUCIÓN, ETC. | |
| Lugar de publicación, distribución, etc. | In Nizza : |
| Nombre del editor, distribuidor, etc. | presso la Società Tipographica, |
| Fecha de publicación, distribución, etc. | 1783. |
| 300 ## - DESCRIPCIÓN FÍSICA | |
| Extensión | XLV, 332 p. ; |
| Dimensiones | 12º. |
| 500 ## - NOTA GENERAL | |
| Nota general | Índice: p. 332. |
| 597 ## - NOTA DE DESCRIPCIÓN FÍSICA | |
| NOTA DE DESCRIPCIÓN FÍSICA | Sign.: a-b12, A-N12, O10. |
| 852 ## - LOCALIZACIÓN | |
| Ubicación | ES-MaACL |
| Número de control de estantería | R-2192-206 |
| Nota libre | -- Enc. pasta española, con hierros dorados. Olim: F- 2908-22. |
| Estatus retirado | Estado de pérdida | Estado de daño | No para préstamo | Colección | Biblioteca de origen | Biblioteca actual | Ubicación en estantería | Fecha de adquisición | Total de préstamos | Signatura topográfica completa | Código de barras | Visto por última vez | Precio de reemplazo | Tipo de ítem Koha |
|---|---|---|---|---|---|---|---|---|---|---|---|---|---|---|
| Libros del s. XVIII | Biblioteca del Ateneo de Madrid | Biblioteca del Ateneo de Madrid | Depósito | 17/01/2008 | R-2192-206 | 1167025 | 23/02/2023 | 23/02/2023 | Libro impreso antiguo |
